| 000 | 01568cam a2200265Li 4500 | ||
|---|---|---|---|
| 005 | 20140903175058.0 | ||
| 008 | 140502s2011 xxud fr 001 0 eng d | ||
| 020 | _a9780521138314 | ||
| 020 | _a9780521198851 | ||
| 040 |
_aCO-BoUCM _bspa _cJose A. Gerena _dJose A. Gerena |
||
| 041 | _aeng | ||
| 100 | 1 |
_aWilson, Richard Ashby _960453 |
|
| 245 | 1 | 0 |
_aWriting history in international criminal trials _cRichard Ashby Wilson |
| 260 |
_aCambridge (Nueva York, Estados Unidos) _bCambridge University press _c2011 |
||
| 300 |
_axiv-257 páginas _bcuadros, gráficas |
||
| 504 | _aIncluye referencias bibliográficas e índices | ||
| 505 | _aAssessing court histories of mass crimes -- What does 'international' actually mean for international criminal trials? -- Contrasting evidence: international and common law approaches to expert testimony -- Does history have any legal relevance in international criminal trials? -- From monumental history to microhistories -- Exoneration and mitigation in defense histories -- Misjudging Rwandan society and history at the International Criminal Tribunal for Rwanda -- Permanent justice: the International Criminal Court -- Conclusion: new directions in international criminal trials | ||
| 650 | 7 |
_aCrímenes contra la humanidad _912143 |
|
| 650 | 7 |
_aCrímenes de guerra _912145 |
|
| 650 | 7 |
_aDerecho internacional _912776 |
|
| 650 | 7 |
_aGuerra (Derecho internacional) _916575 _xHistoria |
|
| 690 |
_942772 _aDerecho internacional |
||
| 942 |
_a8 _cLIBRO _e1 _mW746 _2DEWEY _h341.69 |
||
| 999 |
_c240831 _d240831 |
||